000 00323nam a22001337a 4500
020 _a0596000707
082 _222
_a005.133
100 _aRobbins, Arnold.
245 _aEffective awk programming /
250 _a3rd.
260 _aCalifornia,
_bO'Reilly,
_cc2001.
300 _axxiv, 421p, ;
_bill, .
_c23 cm.
942 _2ddc
_cIT
999 _c1534
_d1534